000
00290nam a22001337a 4500
008
170824b xxu||||| |||| 00| 0 eng d
020
_a
0314023895
041
_a
eng
080
_a
51
100
_a
38
101
_a
MAT
245
_a
INTRODUCTORY ALGEBRA
_c
BLOOMFIELD,D.I
942
_2
udc
_c
BK
999
_c
24809
_d
24809